Nick's Movie Quiz - Statistics

General Stats
  • This quiz has been taken 9 times
  • The average score is 7 of 12
Answer Stats
Hint Answer % Correct
Who, along with Tim Rice, wrote the songs for The Lion King? Elton John
100%
Which double Oscar winner played Tallulah in the 1976 kids gangster movie Bugsy Malone? Jodie Foster
80%
In which 1979 film did Dustin Hoffman play a single parent advertising executive? Kramer vs Kramer
80%
In which film was the character of Marian Crane murdered? Psycho
80%
Which actor starred in the 2005 remake of War Of The Worlds? Tom Cruise
80%
Enchantment Under The Sea was the school dance featured in which film? Back To The Future
60%
Which of Snow White's dwarves was the only one not to have a beard? Dopey
60%
In which competition did Sean Connery represent Scotland in 1953? Mr Universe
60%
What movie is ranked #1 in the IMDB best movie rankings The Shawshank Redemption
60%
How many official James Bond films have there been? 25
40%
Which horror film included a character called Pinhead? Hellraiser
20%
Which actor was originally wanted for the role of Indiana Jones? Tom Selleck
20%
No matching quizzes found
Score Distribution
Percent of People with Each Score
Percentile by Number Answered
Your Score History
You have not taken this quiz